[Event "Lynskak-DM 2024"]
[Site "Helsingor"]
[Date "2024.09.01"]
[Round "12.3"]
[White "Thybo, Jesper Sondergaard"]
[Black "Pedersen, Daniel Vesterbaek"]
[Result "1/2-1/2"]
[WhiteElo "2380"]
[BlackElo "2184"]
[WhiteFideId "1438832"]
[BlackFideId "1402161"]
[EventDate "2024.09.01"]
[EventType "swiss"]
[EventRounds "13"]
[EventCountry "DEN"]
[SourceTitle "Live v. Kasper Jerwiarz"]

1. Nf3 c5 2. c4 Nf6 3. Nc3 Nc6 4. d4 cxd4 5. Nxd4 e6 6. e4 Bb4 7. Nxc6 bxc6 8. Bd3 d6 9. O-O O-O 10. h3 Bxc3 11. bxc3 Qa5 12. Qc2 Ba6 13. Be3 Rfd8 14. Rad1 h6 15. f4 Nd7 16. Rf3 Nc5 17. f5 Nxd3 18. Qxd3 Qe5 19. f6 d5 20. exd5 Rxd5 21. Bd4 Qh5 22. fxg7 Rg5 23. Qe3 Bxc4 24. Rd2 Bd5 25. Rg3 Rb8 26. Rxg5 Qxg5 27. Qxg5 hxg5 28. Bxa7 Ra8 29. Bd4 Rxa2 30. Rxa2 Bxa2 31. Kf2 Bd5 32. g4 Kh7 33. Bf6 c5 34. Kg3 c4 35. Be5 Be4 36. h4 gxh4+ 37. Kxh4 Bd5 38. Kg5 Kg8 39. Kf6 Be4 40. g5 Bd3 41. Ke7 Bg6 42. Kd6 Bd3 43. Kc5 Kh7 44. Kd4 Kg8 45. Bf6 Kh7 46. Ke5 Kg8 47. Kd6 Kh7 48. Kd7 Kg8 49. Ke7 Be4 50. Kd6 Bd3 51. Be5 Be4 52. Kc5 Bd3 53. Kd4 Kh7 54. Bf6 Kg8 55. Ke5 Kh7 56. Kd6 Kg8 57. Ke7 Bf5 58. Bd4 Bg6 59. Kf6 Kh7 60. Bc5 Kg8 61. Bf8 Kh7 62. Ba3 Kg8 63. Bc1 Kh7 64. Be3 Kg8 65. Bd4 Kh7 66. Be5 Kg8 67. Ke7 Bd3 68. Bf6 Bg6 69. Kd6 Kh7 70. Ke5 Kg8 71. Kf4 Kh7 72. Ke3 Kg8 73. Kd4 Bd3 74. Kc5 1/2-1/2

[Event "Lynskak-DM 2024"]
[Site "Helsingor"]
[Date "2024.09.01"]
[Round "12.4"]
[White "Hector, Jonny"]
[Black "Wilbrandt, Simon Pil"]
[Result "1/2-1/2"]
[WhiteElo "2403"]
[BlackElo "2107"]
[WhiteFideId "1700090"]
[BlackFideId "1436988"]
[EventDate "2024.09.01"]
[EventType "swiss"]
[EventRounds "13"]
[EventCountry "DEN"]
[SourceTitle "Live v. Kasper Jerwiarz"]

1. e4 Nc6 2. Nc3 Nd4 3. Nf3 c5 4. Nxd4 cxd4 5. Ne2 d5 6. d3 e5 7. c3 dxc3 8. bxc3 dxe4 9. dxe4 Qxd1+ 10. Kxd1 Be6 11. f4 O-O-O+ 12. Kc2 Bc4 13. Ng3 Bxf1 14. Rxf1 f6 15. fxe5 fxe5 16. Rf7 Nf6 17. Bg5 Rd7 18. Rxf6 gxf6 19. Bxf6 Bg7 20. Bg5 Rf8 21. Nf5 Bf6 22. Be3 Rg8 23. g3 b6 24. h4 Kc7 25. Rg1 Be7 26. Rg2 Bc5 27. Bc1 Rg4 28. Re2 h5 29. Bg5 a5 30. Bd2 Rg6 31. Bg5 Rc6 32. a4 Bb4 33. Bd2 Kb7 34. Ne3 Bc5 35. Nd5 Rg6 36. Bg5 Rf7 37. Rg2 Rf3 38. g4 hxg4 39. Rxg4 Rc6 40. Bd2 Rf2 41. Rg7+ Kb8 42. Kd3 Rh2 43. Bg5 Rh3+ 44. Kc2 Bd4 45. Rg8+ Kb7 46. Rg7+ Kb8 47. Rg8+ Kb7 48. Rg7+ 1/2-1/2

[Event "Lynskak-DM 2024"]
[Site "Helsingor"]
[Date "2024.09.01"]
[Round "12.5"]
[White "Jepson, Christian"]
[Black "Falkesgaard, Jeppe Hald"]
[Result "1/2-1/2"]
[WhiteElo "2356"]
[BlackElo "2194"]
[WhiteFideId "1701185"]
[BlackFideId "1464981"]
[EventDate "2024.09.01"]
[EventType "swiss"]
[EventRounds "13"]
[EventCountry "DEN"]
[SourceTitle "Live v. Kasper Jerwiarz"]

1. Nf3 Nf6 2. c4 c6 3. g3 d5 4. Bg2 Nbd7 5. cxd5 cxd5 6. d4 e6 7. Bf4 Nb6 8. O-O Bd6 9. Bxd6 Qxd6 10. Nc3 Bd7 11. Ne5 O-O 12. Qb3 Bc6 13. Rfc1 Nfd7 14. Nd3 Nc4 15. e3 Rab8 16. Nb5 Bxb5 17. Qxb5 a6 18. Qb3 b5 19. Qd1 Rfc8 20. Rc2 Ncb6 21. Rac1 Qf8 22. b3 Rxc2 23. Rxc2 Rc8 24. h3 Rxc2 25. Qxc2 Qc8 26. Qxc8+ Nxc8 27. Nb4 Nb8 28. e4 dxe4 29. Bxe4 Nd6 30. Ba8 Kf8 31. d5 exd5 32. Bxd5 Ke7 33. Kg2 f6 34. Kf3 a5 35. Nd3 Nd7 36. Bc6 Nb6 37. Ke3 Nf5+ 38. Ke4 Nd6+ 39. Kd4 Kd8 40. Be4 Nxe4 41. Kxe4 Kd7 42. Nc5+ Kc6 43. Ne6 g6 44. a3 a4 45. bxa4 Nxa4 46. Kd4 Nb6 47. Nf4 Nc4 48. a4 Nd6 49. axb5+ Nxb5+ 50. Ke4 Nd6+ 51. Kf3 Kd7 52. Nd5 Ke6 53. Nc7+ Kd7 54. Na6 Ke6 55. Kf4 h6 56. h4 g5+ 57. Kg4 Ne4 58. Kf3 Nd2+ 59. Ke2 Ne4 60. Ke3 Nc3 61. Nc5+ Kf5 62. f3 gxh4 63. gxh4 Nd5+ 64. Kf2 Nf4 65. Ne4 Ng6 66. Kg3 Ne5 67. Nd6+ Ke6 68. Ne4 Nf7 69. Kf4 Ne5 70. h5 Nd3+ 71. Ke3 Ne5 72. Ng3 f5 73. Kf4 Nd3+ 74. Ke3 Ne5 75. f4 Ng4+ 76. Kd4 Nf6 77. Kc4 Ng4 78. Kd4 Nf6 79. Kc4 Ng4 80. Kd4 1/2-1/2

[Event "Lynskak-DM 2024"]
[Site "Helsingor"]
[Date "2024.09.01"]
[Round "12.6"]
[White "Nilssen, Ellen Fredericia"]
[Black "Saugmann, Frederik Chabert"]
[Result "1-0"]
[WhiteElo "2092"]
[BlackElo "1942"]
[WhiteFideId "1441230"]
[BlackFideId "1476122"]
[EventDate "2024.09.01"]
[EventType "swiss"]
[EventRounds "13"]
[EventCountry "DEN"]
[SourceTitle "Live v. Kasper Jerwiarz"]

1. d4 d5 2. c4 c6 3. cxd5 cxd5 4. Nc3 Nf6 5. Nf3 Nc6 6. Bf4 a6 7. e3 Bf5 8. Be2 e6 9. Qb3 Na5 10. Qa4+ Nc6 11. Ne5 Rc8 12. Bxa6 bxa6 13. Nxc6 Qd7 14. Ne5 Qxa4 15. Nxa4 Bb4+ 16. Nc3 Rxc3 17. bxc3 Bxc3+ 18. Ke2 Bxa1 19. Rxa1 O-O 20. Rc1 Rb8 21. Nd3 Bxd3+ 22. Kxd3 Ra8 23. f3 Kf8 24. Rc6 Ke8 25. e4 dxe4+ 26. fxe4 Nh5 27. Bd2 Kd7 28. Rb6 Ra7 29. Ba5 Nf4+ 30. Kc4 Nxg2 31. Rb8 Ne3+ 32. Kc5 g6 33. d5 exd5 34. exd5 Nf5 35. Bb6 Rc7+ 36. Bxc7 Kxc7 37. Rf8 Nd6 38. Ra8 Nb7+ 39. Kd4 Kb6 40. Ke5 a5 41. d6 Kc6 42. Rc8+ Kb6 43. d7 1-0

[Event "Lynskak-DM 2024"]
[Site "Helsingor"]
[Date "2024.09.01"]
[Round "12.7"]
[White "Jorgensen, Dennis"]
[Black "Meskenas, Paulius"]
[Result "1-0"]
[WhiteElo "2236"]
[BlackElo "1998"]
[WhiteFideId "1408380"]
[BlackFideId "12809969"]
[EventDate "2024.09.01"]
[EventType "swiss"]
[EventRounds "13"]
[EventCountry "DEN"]
[SourceTitle "Live v. Kasper Jerwiarz"]

1. d4 Nf6 2. Nf3 d5 3. c4 c6 4. e3 g6 5. Nc3 Bg7 6. Be2 O-O 7. O-O b6 8. b3 Bb7 9. Bb2 Nbd7 10. Qc2 Re8 11. Rad1 Rc8 12. Ne5 Nxe5 13. dxe5 Nd7 14. f4 Qc7 15. Qb1 dxc4 16. Bxc4 b5 17. Be2 Nb6 18. Ne4 Nd5 19. Bd4 Qa5 20. Nc5 Rc7 21. e6 Bxd4 22. exf7+ Kxf7 23. exd4 Ne3 24. f5 g5 25. Bh5+ Kg8 26. Bxe8 Nxf1 27. Rxf1 Qd2 28. Qe4 Bc8 29. Bxc6 Bxf5 30. Qxf5 Qxd4+ 31. Kh1 1-0

[Event "Lynskak-DM 2024"]
[Site "Helsingor"]
[Date "2024.09.01"]
[Round "12.8"]
[White "Hove, Esben Kjems"]
[Black "Hoyer, Jacob K"]
[Result "1/2-1/2"]
[WhiteElo "2160"]
[BlackElo "2192"]
[WhiteFideId "1401505"]
[BlackFideId "1416316"]
[EventDate "2024.09.01"]
[EventType "swiss"]
[EventRounds "13"]
[EventCountry "DEN"]
[SourceTitle "Live v. Kasper Jerwiarz"]

1. d4 Nf6 2. Bg5 g6 3. Bxf6 exf6 4. e3 Bg7 5. Bd3 O-O 6. c3 f5 7. Ne2 b6 8. O-O Bb7 9. Nd2 Re8 10. a4 d6 11. a5 Nd7 12. b4 c5 13. Nf4 Rc8 14. axb6 axb6 15. Ra7 Qc7 16. Qb3 Ra8 17. Rfa1 Rxa7 18. Rxa7 Ra8 19. Rxa8+ Bxa8 20. Bc4 Nf6 21. bxc5 bxc5 22. f3 cxd4 23. cxd4 Bh6 24. Ne2 Bc6 25. Kf2 Kg7 26. h3 Qb7 27. Qxb7 Bxb7 28. Bb5 Nd5 29. Nc4 Kf6 30. e4 fxe4 31. fxe4 Nc7 32. Ba4 Bxe4 33. Nxd6 Bd5 34. g3 Ne6 35. Nb5 Bc4 36. Nbc3 Bxe2 37. Nxe2 Kf5 38. Bc2+ Kf6 39. h4 Ke7 40. Kf3 Kd6 41. Ke4 f5+ 42. Kd3 Bg7 43. Bb3 Bf6 44. Bxe6 Kxe6 45. Nf4+ Kd6 46. Kc4 Bg7 1/2-1/2

[Event "Lynskak-DM 2024"]
[Site "Helsingor"]
[Date "2024.09.01"]
[Round "12.9"]
[White "Rosenlund, Thorbjorn"]
[Black "Le Besq, Alexander"]
[Result "1/2-1/2"]
[WhiteElo "2136"]
[BlackElo "2174"]
[WhiteFideId "1400614"]
[BlackFideId "1437089"]
[EventDate "2024.09.01"]
[EventType "swiss"]
[EventRounds "13"]
[EventCountry "DEN"]
[SourceTitle "Live v. Kasper Jerwiarz"]

1. Nf3 Nf6 2. c4 g6 3. b3 Bg7 4. Bb2 O-O 5. g3 c5 6. Bg2 d5 7. cxd5 Nxd5 8. Bxg7 Kxg7 9. O-O Nc6 10. Qc1 b6 11. Nc3 Bb7 12. Rd1 e5 13. Nxd5 Qxd5 14. Qc4 Qxc4 15. bxc4 f6 16. d3 Rad8 17. Nd2 Rd7 18. Nb3 Nd4 19. Nxd4 exd4 20. a4 Re8 21. Rd2 Bxg2 22. Kxg2 Rde7 23. Kf1 h5 24. a5 h4 25. axb6 axb6 26. Ra6 Rb8 27. Rb2 hxg3 28. hxg3 Reb7 29. e3 dxe3 30. fxe3 Kf7 31. Kf2 Ke6 32. Kf3 Kd6 33. d4 Kc6 34. Ke4 Re7+ 35. Kd3 f5 36. d5+ Kc7 37. Ra7+ Rb7 38. Rxb7+ Kxb7 39. Rh2 Kc7 40. Rh6 Rg7 41. Rh8 Kd6 42. e4 fxe4+ 43. Kxe4 Re7+ 44. Kd3 Rf7 45. Ke3 Re7+ 46. Kf4 Rf7+ 47. Kg5 Rf3 48. g4 Rc3 49. Rb8 Rxc4 50. Rxb6+ Kxd5 51. Rxg6 Ra4 52. Kf5 c4 53. Rg8 c3 54. Rd8+ Kc4 55. g5 Kb3 56. Rb8+ Rb4 57. Rc8 Rc4 58. Rxc4 Kxc4 59. g6 c2 60. g7 c1=Q 61. g8=Q+ Kc3 1/2-1/2

[Event "Lynskak-DM 2024"]
[Site "Helsingor"]
[Date "2024.09.01"]
[Round "12.10"]
[White "Nielsen, Jan Mose"]
[Black "Simonsen, Jesper"]
[Result "0-1"]
[WhiteElo "2171"]
[BlackElo "2017"]
[WhiteFideId "1405306"]
[BlackFideId "1402226"]
[EventDate "2024.09.01"]
[EventType "swiss"]
[EventRounds "13"]
[EventCountry "DEN"]
[SourceTitle "Live v. Kasper Jerwiarz"]

1. d4 Nf6 2. Nf3 d5 3. Bg5 Bf5 4. Nbd2 c6 5. e3 e6 6. a3 Be7 7. c4 Nbd7 8. Be2 O-O 9. O-O Re8 10. b4 h6 11. Bh4 Ne4 12. Bxe7 Qxe7 13. Qb3 Ndf6 14. h3 Nxd2 15. Nxd2 Ne4 16. Nf3 Qf6 17. Rfc1 g5 18. Qb2 h5 19. Nd2 g4 20. hxg4 hxg4 21. f3 Ng3 22. Nf1 Nxf1 23. Kxf1 gxf3 24. Bxf3 Bg4 25. Ke2 Qg6 26. Rg1 Kg7 27. Raf1 Rh8 28. Qb1 Bf5 29. Qe1 Rh2 30. Kd2 Rah8 31. Rf2 dxc4 32. g4 Bd3 33. Rgg2 Rxg2 34. Rxg2 Be4 35. Qg3 Bxf3 36. Qxf3 Qd3+ 37. Ke1 Rh1+ 38. Kf2 Rf1+ 0-1

[Event "Lynskak-DM 2024"]
[Site "Helsingor"]
[Date "2024.09.01"]
[Round "13.1"]
[White "Bjerre, Jonas Buhl"]
[Black "Jorgensen, Dennis"]
[Result "1-0"]
[WhiteElo "2497"]
[BlackElo "2236"]
[WhiteFideId "1444948"]
[BlackFideId "1408380"]
[EventDate "2024.09.01"]
[EventType "swiss"]
[EventRounds "13"]
[EventCountry "DEN"]
[SourceTitle "Live v. Kasper Jerwiarz"]

1. Nf3 Nf6 2. c4 b6 3. Nc3 Bb7 4. g3 c5 5. Bg2 e6 6. O-O a6 7. d4 cxd4 8. Nxd4 Bxg2 9. Kxg2 Qc7 10. e4 d6 11. Qa4+ Qd7 12. Be3 Ng4 13. Bd2 Ne5 14. Rac1 Be7 15. Rfd1 O-O 16. f3 Rc8 17. Qxd7 Nbxd7 18. b3 Nc5 19. Be3 Rab8 20. Kf1 h6 21. Ke2 Rc7 22. f4 Ng4 23. Bg1 Nf6 24. Kf3 Nfd7 25. h4 Rcc8 26. h5 Rb7 27. b4 Rbb8 1-0

[Event "Lynskak-DM 2024"]
[Site "Helsingor"]
[Date "2024.09.01"]
[Round "13.2"]
[White "Jacobsen, Mikkel Manosri"]
[Black "Thybo, Jesper Sondergaard"]
[Result "0-1"]
[WhiteElo "2228"]
[BlackElo "2380"]
[WhiteFideId "1444514"]
[BlackFideId "1438832"]
[EventDate "2024.09.01"]
[EventType "swiss"]
[EventRounds "13"]
[EventCountry "DEN"]
[SourceTitle "Live v. Kasper Jerwiarz"]

1. c4 c5 2. g3 g6 3. Bg2 Bg7 4. Nc3 Nc6 5. a3 Nf6 6. Rb1 b6 7. b4 cxb4 8. axb4 Bb7 9. Nh3 O-O 10. Nf4 e6 11. O-O d6 12. Ba3 Qd7 13. Re1 Ne5 14. Bxb7 Qxb7 15. d3 Rfc8 16. b5 d5 17. Bd6 Ne8 18. Bb4 dxc4 19. d4 Rd8 20. e3 Nf3+ 21. Kf1 Nxe1 22. Qxe1 Qh1+ 23. Ke2 Qxe1+ 24. Rxe1 a5 25. Ba3 Bf8 26. Bxf8 Kxf8 27. Na4 Rab8 28. Rc1 Nd6 29. Rb1 Rdc8 30. Nc3 Ra8 31. Ra1 a4 32. e4 a3 33. e5 Nf5 34. d5 Nd4+ 35. Kd1 exd5 36. Nfxd5 Rd8 37. Nxb6 Rab8 38. Nba4 Nb3+ 39. Ke2 Nxa1 0-1

[Event "Lynskak-DM 2024"]
[Site "Helsingor"]
[Date "2024.09.01"]
[Round "13.3"]
[White "Falkesgaard, Jeppe Hald"]
[Black "Hansen, Sune Berg"]
[Result "0-1"]
[WhiteElo "2194"]
[BlackElo "2561"]
[WhiteFideId "1464981"]
[BlackFideId "1400266"]
[EventDate "2024.09.01"]
[EventType "swiss"]
[EventRounds "13"]
[EventCountry "DEN"]
[SourceTitle "Live v. Kasper Jerwiarz"]

1. c4 g6 2. g3 Bg7 3. Bg2 c5 4. Nc3 Nc6 5. Nf3 d6 6. O-O Bf5 7. d3 Qd7 8. Re1 Bh3 9. Bh1 h5 10. e3 h4 11. Nxh4 g5 12. Nf3 Bg4 13. Rb1 Qf5 14. e4 Qg6 15. Nd5 Kf8 16. Ne3 Bxf3 17. Qxf3 Ne5 18. Qe2 g4 19. Nf5 Bf6 20. h4 gxh3 21. Bf4 Rd8 22. Bxe5 Bxe5 23. Ne3 Nf6 24. Qf3 Bd4 25. Qf5 Qg7 26. Bf3 e6 27. Qf4 Be5 28. Nf5 exf5 29. Qxf5 Qg6 30. Qxg6 fxg6 31. b4 b6 32. a4 Bc3 33. bxc5 Bxe1 34. cxb6 h2+ 35. Kh1 axb6 36. Rxe1 Ke7 37. e5 dxe5 38. Rxe5+ Kf7 39. Rb5 Rxd3 40. Be2 Rd2 41. Re5 Rb2 42. c5 Rb1+ 0-1

[Event "Lynskak-DM 2024"]
[Site "Helsingor"]
[Date "2024.09.01"]
[Round "13.4"]
[White "Pedersen, Daniel Vesterbaek"]
[Black "Hector, Jonny"]
[Result "0-1"]
[WhiteElo "2184"]
[BlackElo "2403"]
[WhiteFideId "1402161"]
[BlackFideId "1700090"]
[EventDate "2024.09.01"]
[EventType "swiss"]
[EventRounds "13"]
[EventCountry "DEN"]
[SourceTitle "Live v. Kasper Jerwiarz"]

1. e4 e5 2. Nf3 Nc6 3. g3 Nf6 4. d3 d5 5. exd5 Nxd5 6. Bg2 Nde7 7. O-O g6 8. b3 Bg7 9. Bb2 O-O 10. Re1 f6 11. d4 Bg4 12. dxe5 Qxd1 13. Rxd1 fxe5 14. Nbd2 e4 15. Bxg7 Kxg7 16. Ng5 Bxd1 17. Ne6+ Kg8 18. Rxd1 Rfc8 19. Nxe4 h6 20. Rd7 Kf7 21. Nxc7 Ne5 22. Nd6+ Kf6 23. Nxc8 Rxc8 24. Nd5+ Nxd5 25. Rxd5 Rxc2 26. h4 Rxa2 27. Rd6+ Ke7 28. Rd5 Ng4 29. f3 Rxg2+ 30. Kh1 Nf6 31. Re5+ Kd6 32. Rb5 Rxg3 0-1

[Event "Lynskak-DM 2024"]
[Site "Helsingor"]
[Date "2024.09.01"]
[Round "13.5"]
[White "Jepson, Christian"]
[Black "Nilssen, Ellen Fredericia"]
[Result "1/2-1/2"]
[WhiteElo "2356"]
[BlackElo "2092"]
[WhiteFideId "1701185"]
[BlackFideId "1441230"]
[EventDate "2024.09.01"]
[EventType "swiss"]
[EventRounds "13"]
[EventCountry "DEN"]
[SourceTitle "Live v. Kasper Jerwiarz"]

1. Nf3 Nf6 2. c4 e6 3. g3 d5 4. Bg2 Be7 5. O-O dxc4 6. Na3 c5 7. Nxc4 Nc6 8. b3 O-O 9. Bb2 Qc7 10. Rc1 b6 11. d4 Rd8 12. Qc2 cxd4 13. Nce5 Bc5 14. Nxc6 Qxc6 15. Nh4 Nd5 16. b4 g5 17. Qd2 f6 18. bxc5 gxh4 19. Qxd4 Bb7 20. cxb6 Qxb6 21. Qxb6 axb6 22. Bxf6 Nxf6 23. Bxb7 Rxa2 24. Bf3 hxg3 25. hxg3 Rdd2 26. Rc7 Rd7 27. Rc6 Kf7 28. Rxb6 Nd5 29. Bxd5 Rxd5 30. e3 Rdd2 31. Rb7+ Kg6 32. Re7 Ra6 33. Kg2 h6 34. Re8 Kf7 35. Rh8 Kg7 36. Rb8 Raa2 37. Rb4 Kg6 38. Rg4+ Kf6 39. Rf4+ Kg6 40. Rh1 Rd5 41. Rg4+ Rg5 42. Rgh4 h5 43. Rf4 Rf5 44. Kf3 Rb2 45. Rxf5 exf5 46. Rd1 Kg5 47. Rd8 Ra2 48. Rg8+ Kf6 49. Rh8 Kg5 50. Kg2 Rb2 51. Kg1 Ra2 52. Kf1 Rb2 53. Kg2 Ra2 54. Rg8+ Kf6 55. Kf3 Rb2 56. Rd8 Kg5 57. Rd5 Kf6 58. Ra5 Kg6 59. Ra6+ Kg5 60. Kg2 Rc2 61. Ra5 Kg6 62. Kf3 Rb2 63. Rd5 Kf6 64. Rd1 Kg5 65. Re1 Ra2 66. Re2 Ra4 67. Rd2 h4 68. Rd4 Rxd4 69. exd4 h3 70. g4 fxg4+ 71. Kg3 Kf5 72. f3 gxf3 73. Kxf3 h2 74. Kg2 Ke4 1/2-1/2

[Event "Lynskak-DM 2024"]
[Site "Helsingor"]
[Date "2024.09.01"]
[Round "13.6"]
[White "Wilbrandt, Simon Pil"]
[Black "Hove, Esben Kjems"]
[Result "1-0"]
[WhiteElo "2107"]
[BlackElo "2160"]
[WhiteFideId "1436988"]
[BlackFideId "1401505"]
[EventDate "2024.09.01"]
[EventType "swiss"]
[EventRounds "13"]
[EventCountry "DEN"]
[SourceTitle "Live v. Kasper Jerwiarz"]

1. d4 d5 2. c4 c6 3. Nc3 Nf6 4. e3 Bf5 5. cxd5 cxd5 6. Qb3 Bc8 7. Bb5+ Nc6 8. Nf3 a6 9. Bd3 e6 10. O-O Be7 11. h3 O-O 12. Bd2 b5 13. a4 Na5 14. Qd1 b4 15. Ne2 Bb7 16. Ng3 Rc8 17. Ne5 Nc4 18. b3 Nb2 19. Qe2 Nxd3 20. Qxd3 Ne4 21. Nxe4 dxe4 22. Qe2 f6 23. Nc4 Bd5 24. Rfc1 Rc7 25. Qd1 Qb8 26. a5 Rfc8 27. Nb6 Rxc1 28. Rxc1 Rxc1 29. Qxc1 Bxb3 30. Qb1 Bd5 31. Bxb4 Qc7 32. Bxe7 Qxe7 33. Nxd5 exd5 34. Qb6 1-0

[Event "Lynskak-DM 2024"]
[Site "Helsingor"]
[Date "2024.09.01"]
[Round "13.7"]
[White "Saugmann, Frederik Chabert"]
[Black "Larsen, Karsten"]
[Result "0-1"]
[WhiteElo "1942"]
[BlackElo "2181"]
[WhiteFideId "1476122"]
[BlackFideId "1404288"]
[EventDate "2024.09.01"]
[EventType "swiss"]
[EventRounds "13"]
[EventCountry "DEN"]
[SourceTitle "Live v. Kasper Jerwiarz"]

1. d4 d5 2. c4 e6 3. Nf3 Nf6 4. Bg5 Bb4+ 5. Nc3 h6 6. Bh4 c5 7. e3 O-O 8. Rc1 cxd4 9. exd4 Nc6 10. a3 Be7 11. cxd5 Nxd5 12. Bxe7 Ncxe7 13. Bd3 b6 14. O-O Bb7 15. Re1 Rc8 16. Bb1 Nxc3 17. bxc3 Nd5 18. Qd3 Nf6 19. Ne5 Qd5 20. f3 Rfd8 21. Red1 Qa5 22. Ng4 Nxg4 23. Qh7+ Kf8 24. fxg4 Rxc3 25. Qh8+ Ke7 26. Qxg7 Qd5 27. Rd2 Rxc1+ 28. Kf2 Rxb1 29. Kg3 Rb3+ 30. Kh4 Ke8 0-1

[Event "Lynskak-DM 2024"]
[Site "Helsingor"]
[Date "2024.09.01"]
[Round "13.8"]
[White "Hoyer, Jacob K"]
[Black "Simonsen, Jesper"]
[Result "1/2-1/2"]
[WhiteElo "2192"]
[BlackElo "2017"]
[WhiteFideId "1416316"]
[BlackFideId "1402226"]
[EventDate "2024.09.01"]
[EventType "swiss"]
[EventRounds "13"]
[EventCountry "DEN"]
[SourceTitle "Live v. Kasper Jerwiarz"]

1. d4 Nf6 2. c4 e6 3. Nc3 d5 4. cxd5 exd5 5. Bg5 Nbd7 6. e3 Be7 7. Bd3 c6 8. Nge2 O-O 9. O-O Re8 10. Qc2 Nf8 11. f3 g6 12. Rae1 Nh5 13. Bxe7 Qxe7 14. e4 Qd8 15. e5 Ng7 16. Ng3 Nfe6 17. Nce2 Qh4 18. f4 c5 19. dxc5 Bd7 20. b4 a6 21. a3 Bc6 22. f5 Ng5 23. Rf4 Qh6 24. e6 fxe6 25. fxg6 Ne4 26. Nxe4 dxe4 27. Bxe4 hxg6 28. Bxc6 bxc6 29. Rg4 Nf5 30. Ng3 Rad8 31. Ne4 Rf8 32. Qc4 Rd5 33. Qe2 Nd4 34. Qe3 Qxe3+ 35. Rxe3 Kg7 36. h4 Nf5 37. Rh3 Rd1+ 38. Kh2 Nh6 39. Rg5 Rff1 40. Rf3 Rh1+ 41. Kg3 Nf5+ 42. Kf2 Rhf1+ 43. Ke2 Rde1+ 44. Kd2 Rd1+ 45. Ke2 Nd4+ 46. Ke3 Nxf3 47. gxf3 Rde1+ 1/2-1/2

[Event "Lynskak-DM 2024"]
[Site "Helsingor"]
[Date "2024.09.01"]
[Round "13.9"]
[White "Rosenlund, Thorbjorn"]
[Black "Hansen, Jacob Ost"]
[Result "0-1"]
[WhiteElo "2136"]
[BlackElo "2318"]
[WhiteFideId "1400614"]
[BlackFideId "1400096"]
[EventDate "2024.09.01"]
[EventType "swiss"]
[EventRounds "13"]
[EventCountry "DEN"]
[SourceTitle "Live v. Kasper Jerwiarz"]

1. Nf3 g6 2. d4 Bg7 3. c4 Nf6 4. Nc3 O-O 5. Bf4 c5 6. e3 cxd4 7. exd4 d5 8. c5 Nc6 9. Bb5 Bg4 10. Bxc6 bxc6 11. h3 Bxf3 12. Qxf3 Nd7 13. Be3 e5 14. Qd1 exd4 15. Bxd4 Re8+ 16. Kf1 Qh4 17. Ne2 Re4 18. Bxg7 Kxg7 19. Rc1 Rae8 20. Ng3 Rf4 21. Kg1 Nf6 22. Qd2 Rd4 23. Qc3 Rc4 24. Qb3 Rxc1+ 0-1

[Event "Lynskak-DM 2024"]
[Site "Helsingor"]
[Date "2024.09.01"]
[Round "13.10"]
[White "Meskenas, Paulius"]
[Black "Wehding, Anton Bonsvig"]
[Result "1-0"]
[WhiteElo "1998"]
[BlackElo "1962"]
[WhiteFideId "12809969"]
[BlackFideId "1463217"]
[EventDate "2024.09.01"]
[EventType "swiss"]
[EventRounds "13"]
[EventCountry "DEN"]
[SourceTitle "Live v. Kasper Jerwiarz"]

1. e4 c5 2. Nf3 Nc6 3. Nc3 Nf6 4. d4 cxd4 5. Nxd4 e5 6. Ndb5 d6 7. f3 a6 8. Na3 b5 9. Nd5 Be7 10. Be3 O-O 11. Be2 Nxd5 12. exd5 Nb8 13. O-O Bf5 14. c4 bxc4 15. Nxc4 Nd7 16. Rc1 Rb8 17. Qa4 Bg5 18. Rfd1 Bxe3+ 19. Nxe3 Qb6 20. Kf2 Nc5 21. Qc6 Bd7 22. Qxb6 Rxb6 23. Nc4 Rb4 24. Nxd6 Na4 25. b3 Nb6 26. Rc7 g6 27. Rdc1 Bb5 28. Bxb5 axb5 29. R7c5 Rd4 30. Nxb5 Rd2+ 31. Kg1 Nxd5 32. R5c2 Rd3 33. Rc4 Rd2 34. R1c2 Rd1+ 35. Kf2 Nf4 36. Nc3 Ra1 37. Ne4 Rd8 38. a4 Rdd1 39. Ng3 Rg1 40. Ke3 Rae1+ 41. Kd2 Rxg2+ 42. Kxe1 Nd3+ 43. Kf1 1-0